[Event "Saint Denis op"]
[Site "Saint Denis"]
[Date "2022.10.13"]
[Round "2"]
[White "Riviere, Etienne"]
[Black "Folio, Pierre"]
[Result "1-0"]
[WhiteElo "1886"]
[BlackElo "1432"]
[PlyCount "81"]
[EventDate "2022.10.13"]
[EventType "swiss"]
[EventRounds "9"]
[EventCountry "RUF"]
[SourceTitle "EXT 2024"]
[Source "ChessBase"]
[SourceDate "2023.10.10"]
[SourceVersion "1"]
[SourceVersionDate "2023.10.10"]
[SourceQuality "1"]

1. e4 c5 2. Nf3 d6 3. d4 cxd4 4. Nxd4 Nf6 5. Nc3 a6 6. g3 Nc6 7. Bg2 Qc7 8. 0-0 e6 9. Re1 Be7 10. Be3 0-0 11. h3 Bd7 12. Qe2 b5 13. a3 Ne5 14. Rad1 Nc4 15. Bc1 Rac8 16. Na2 Rfd8 17. Nb4 a5 18. Na2 e5 19. Nf5 Bxf5 20. exf5 Qc5 21. Bg5 d5 22. c3 h6 23. Bh4 e4 24. Nc1 a4 25. Na2 g5 26. fxg6 fxg6 27. Bxf6 Bxf6 28. Nb4 Nxb2 29. Qxb2 Bxc3 30. Qe2 Bxe1 31. Qxe1 Qc3 32. Qe2 Qxa3 33. Nxd5 Rc1 34. Bxe4 b4 35. Bxg6 Rxd1+ 36. Qxd1 Kg7 37. Qd4+ Kxg6 38. Qf6+ Kh7 39. Qe7+ Kg6 40. Nf4+ Kf5 41. Qe6+ 1-0